Spinning the commercial web (Record no. 620057)

MARC details
000 -LEADER
fixed length control field 00505nam a2200169 a 4500
008 - FIXED-LENGTH DATA ELEMENTS--GENERAL INFORMATION
fixed length control field 260427s2004##################000#0#eng##
020 ## - INTERNATIONAL STANDARD BOOK NUMBER
ISBN 9783631509807
082 04 - DEWEY DECIMAL CLASSIFICATION NUMBER
Classification number 382.0903
Item number BEE
245 ## - TITLE STATEMENT
Title Spinning the commercial web
Statement of responsibility, etc / Margrit Schulte Beerbühl , Jörg Vögele
260 ## - PUBLICATION, DISTRIBUTION, ETC. (IMPRINT)
Name of publisher Peter Lang Pub Incorporated,
Year of publication 2004.
300 ## - PHYSICAL DESCRIPTION
Number of Pages 395 pages
650 #0 - SUBJECT ADDED ENTRY--TOPICAL TERM
Topical Term Education.
700 ## - ADDED ENTRY--PERSONAL NAME
Personal name edited by Beerbühl, Margrit Schulte
Personal name Vögele, Jörg
942 ## - ADDED ENTRY ELEMENTS (KOHA)
Koha item type English Books
Holdings
Withdrawn status Lost status Damaged status Not for loan Home library Current library Shelving location Date acquired Full call number Accession Number Price effective from Koha item type
        Anna Centenary Library Anna Centenary Library 4TH FLOOR, B WING 27.04.2026 382.0903 BEE 220447 27.04.2026 English Books

Find us on the map